<?xml version="1.0" encoding="UTF-8"?>
<collection xmlns:xsi="http://www.w3.org/2001/XMLSchema-instance" xsi:schemaLocation="http://www.loc.gov/MARC21/slim http://www.loc.gov/standards/marcxml/schema/MARC21slim.xsd" xmlns="http://www.loc.gov/MARC21/slim">
 <record>
  <leader>00000cam a2200000 i 4500</leader>
  <controlfield tag="001">UP-99796217613515393</controlfield>
  <controlfield tag="003">Buklod</controlfield>
  <controlfield tag="005">20230213132255.0</controlfield>
  <controlfield tag="006">t    grm    00| u|</controlfield>
  <controlfield tag="007">ta</controlfield>
  <controlfield tag="008">230124s2018    xx     d     |||| ||    |</controlfield>
  <datafield tag="020" ind1=" " ind2=" ">
   <subfield code="a">9781138206434 (pbk)</subfield>
  </datafield>
  <datafield tag="035" ind1=" " ind2=" ">
   <subfield code="a">(iLib)UPD-00517673081</subfield>
  </datafield>
  <datafield tag="040" ind1=" " ind2=" ">
   <subfield code="a">DLC</subfield>
   <subfield code="d">DEDUC</subfield>
   <subfield code="e">rda</subfield>
  </datafield>
  <datafield tag="041" ind1="0" ind2=" ">
   <subfield code="a">eng</subfield>
  </datafield>
  <datafield tag="042" ind1=" " ind2=" ">
   <subfield code="a">DMLUC</subfield>
  </datafield>
  <datafield tag="090" ind1="0" ind2="0">
   <subfield code="a">LB 1139.27 C3</subfield>
   <subfield code="b">D63 2018</subfield>
  </datafield>
  <datafield tag="245" ind1="0" ind2="0">
   <subfield code="a">Documentation and inquiry in the early childhood classroom</subfield>
   <subfield code="b">research stories from urban centers and schools</subfield>
   <subfield code="c">e[dited by] Linda R. Kroll and Daniel R. Meier.</subfield>
  </datafield>
  <datafield tag="264" ind1=" " ind2="1">
   <subfield code="a">New York</subfield>
   <subfield code="b">Routledge</subfield>
   <subfield code="c">2018.</subfield>
  </datafield>
  <datafield tag="300" ind1=" " ind2=" ">
   <subfield code="a">xviii, 280 pages</subfield>
   <subfield code="b">illustrations</subfield>
   <subfield code="c">23 cm.</subfield>
  </datafield>
  <datafield tag="336" ind1=" " ind2=" ">
   <subfield code="a">text</subfield>
   <subfield code="2">rdacontent</subfield>
  </datafield>
  <datafield tag="337" ind1=" " ind2=" ">
   <subfield code="a">unmediated</subfield>
   <subfield code="2">rdamedia</subfield>
  </datafield>
  <datafield tag="338" ind1=" " ind2=" ">
   <subfield code="a">volume</subfield>
   <subfield code="2">rdacarrier</subfield>
  </datafield>
  <datafield tag="504" ind1=" " ind2=" ">
   <subfield code="a">Includes bibliographical references and index.</subfield>
  </datafield>
  <datafield tag="505" ind1="0" ind2="0">
   <subfield code="a">Teacher inquiry, research and pedagogical documentation / Linda R. Kroll -- Dimensions and contexts for teacher inquiry and reflection in early childhood education / Daniel R. Meier -- The roots of learning : inquiry as a form of resistance at a Spanish immersion preschool / Bethica Quinn -- Learning about inquiry by investigating fish : Mission Head Start Valencia Gardens / Patrick Romero -- Zaida T. Rodriquez Early Education School : telling a story on the walls / Daniel R. Meier in consultation with Oscar Chavez, LayLay Eung, and Jane Mancina -- Stretch the imagination / Tracy Neal -- Las Americas Early Education School : the power of a long-term inquiry group for educational transformation / Isauro Michael Escamilla -- Learning stories as a tool for supporting beginning teachers' inquiry / Sara Sutherland and Josephine Lee -- Critical self reflection : exploring racial identity with early childhood educators / Jenine Schmidt -- Teacher professional development in an urban school district / Daniela Mantilla and Linda R. Kroll, with Alana McDonough, Nnenna Okezie, Carrie Wilson, and Courtney Woolverton -- Leadership and inquiry at a parent cooperative preschool / Martha Melgoza -- Alegria migrant and seasonal head start center : the role of documentation in research for professional learning / Linda R. Kroll in consultation with Fanny Chavez, Hortencia Gonzalez, Flor Ferro, and Beth Reeves-Fortney -- The Discovery School : reflection and inquiry at a museum-based preschool / Elisa Pagliarulo with Daniel R. Meier -- George Miller III Children's Center : inquiry and reflection at a large urban Head Start center / Daniel R. Meier with Ambreen Khawaja -- Aquatic Park School : schoolwide inquiry as a vehicle for cultivating a democratic learning community / Anne Bauer and Cici Malin -- Early childhood education policy context in California / Linda R. Kroll.</subfield>
  </datafield>
  <datafield tag="650" ind1="0" ind2="0">
   <subfield code="a">Early childhood education</subfield>
   <subfield code="x">Evaluation.</subfield>
   <subfield code="z">California</subfield>
   <subfield code="z">San Francisco Bay Area.</subfield>
  </datafield>
  <datafield tag="650" ind1="0" ind2="0">
   <subfield code="a">Early childhood teachers</subfield>
   <subfield code="x">In-service training</subfield>
   <subfield code="z">California</subfield>
   <subfield code="z">San Francisco Bay Area.</subfield>
  </datafield>
  <datafield tag="650" ind1="0" ind2="0">
   <subfield code="a">Early childhood education</subfield>
   <subfield code="x">Parent participation</subfield>
   <subfield code="z">California</subfield>
   <subfield code="z">San Francisco Bay Area.</subfield>
  </datafield>
  <datafield tag="650" ind1="0" ind2="0">
   <subfield code="a">Reflective teaching</subfield>
   <subfield code="z">California</subfield>
   <subfield code="z">San Francisco Bay Area.</subfield>
  </datafield>
  <datafield tag="650" ind1="0" ind2="0">
   <subfield code="a">Urban schools</subfield>
   <subfield code="z">California</subfield>
   <subfield code="z">San Francisco Bay Area.</subfield>
  </datafield>
  <datafield tag="700" ind1="1" ind2=" ">
   <subfield code="a">Kroll, Linda Ruth</subfield>
   <subfield code="e">editor.</subfield>
  </datafield>
  <datafield tag="700" ind1="1" ind2=" ">
   <subfield code="a">Meier, Daniel R.</subfield>
   <subfield code="e">editor.</subfield>
  </datafield>
  <datafield tag="776" ind1="0" ind2="8">
   <subfield code="i">Online version</subfield>
   <subfield code="t">Documentation and inquiry in the early childhood classroom</subfield>
   <subfield code="d">Abingdon, Oxon ; New York, NY : Routledge, 2018</subfield>
   <subfield code="z">9781315465012</subfield>
   <subfield code="w">(DLC) 2017042458.</subfield>
  </datafield>
  <datafield tag="842" ind1=" " ind2=" ">
   <subfield code="a">Book</subfield>
  </datafield>
  <datafield tag="905" ind1=" " ind2=" ">
   <subfield code="a">FO</subfield>
  </datafield>
  <datafield tag="852" ind1="0" ind2=" ">
   <subfield code="a">UPD</subfield>
   <subfield code="b">DEDUC</subfield>
   <subfield code="h">LB 1139.27 C3</subfield>
   <subfield code="i">D63 2018</subfield>
  </datafield>
  <datafield tag="942" ind1=" " ind2=" ">
   <subfield code="a">Book</subfield>
  </datafield>
 </record>
</collection>
